Girondins de Bordeaux - Tous les joueurs (2010-2020) - Statistiques

Statistiques générales
  • Ce quiz a été pris 1 772 fois
  • Le résultat moyen est 58 sur 122
Statistiques - réponses
Saisons Nationalité Joueur Nb de matchs % Correct
2010-2019 Rép. Tchèque Jaroslav Plasil 256
96%
2010-2017 France Cédric Carrasso 227
89%
2017-2020 France Benoît Costil 101
86%
2015-2018 Brésil Malcom 84
85%
2010-2016 Mali Cheick Diabaté 127
83%
2010-2011 France Yoann Gourcuff 3
83%
2019-2020 Corée du Sud Hwang Ui-jo 24
79%
2010-2015 France Marc Planus 90
78%
2012-2017 Uruguay Diego Rolan 121
77%
2010-2013 France Benoît Trémoulinas 95
76%
2010-2016 Sénégal Lamine Sané 171
74%
2010-2011 Sénégal Salif Sané 4
74%
2014-2016 Tunisie Wahbi Khazri 52
70%
2017-2019 France Jules Koundé 55
69%
2014-2018 Allemagne Diego Contento 78
67%
2016-2020 Guinée François Kamano 113
67%
2018-2019 France Gaëtan Poussin 1
67%
2016-2020 Sénégal Youssouf Sabaly 100
67%
2010-2016 Sénégal Henri Saivet 140
66%
2010-2011 France Ulrich Ramé 3
66%
2018-2020 Nigeria Samuel Kalu 41
65%
2010-2011 Brésil Wendel 31
64%
2010-2014, 2015-2016 Brésil Jussiê 106
63%
2010-2011 France Alou Diarra 34
62%
2015-2016, 2017-2020 Brésil Pablo 81
62%
2010-2013 France Matthieu Chalmé 29
61%
2012-2020 France Maxime Poundjé 104
61%
2015-2019 Argentine Valentin Vada 67
61%
2010-2013 France Yoan Gouffran 76
61%
2011-2017 France Grégory Sertic 119
60%
2019-2020 Suisse Loris Benito 23
60%
2017-2020 Brésil Otavio 79
60%
2010-2014 Brésil Henrique 79
59%
2011-2017 Mali Abdou Traoré 68
58%
2015-2017 Algérie Adam Ounas 49
58%
2016-2018 France Jérémy Toulalan 51
58%
2018-2020 France Jimmy Briand 57
58%
2011-2014 Pologne Ludovic Obraniak 68
58%
2011-2015 Brésil Mariano 120
58%
2017-2020 France Nicolas de Préville 76
58%
2018-2020 France Yacine Adli 28
58%
2015-2019 France Gaëtan Laborde 58
57%
2017-2019 Danemark Lukas Lerager 55
57%
2010-2011 Brésil Menegazzo Fernando 35
57%
2019-2020 Mozambique Mexer 19
56%
2012-2016 Gabon André Poko 73
55%
2010-2011 Argentine Fernando Cavenaghi 2
55%
2018-2020 Croatie Toma Basic 38
54%
2014-2015 Argentine Emiliano Sala 11
53%
2014-2017 Suède Isaac Kiese Thelin 29
53%
2018-2020 Nigeria Josh Maja 28
53%
2011-2016 France Nicolas Maurice-Belay 148
53%
2015-2018 France Jérôme Prior 29
52%
2013-2018 Côte d'Ivoire Thomas Touré 54
51%
2016-2020 Serbie Vukasin Jovanovic 49
51%
2014-2017 France Nicolas Pallois 82
50%
2017-2019 France Paul Baysse 9
50%
2019-2020 France Rémi Oudin 8
50%
2010-2013 France Michaël Ciani 63
49%
2015-2016 France Paul Bernardoni 7
48%
2018-2019 Espagne Sergi Palencia 25
48%
2016-2017 France Jérémy Ménez 26
47%
2011-2014 Cameroun Landry N'Guemo 67
47%
2014-2016 France Clément Chantôme 39
46%
2013-2016 France Enzo Crivelli 42
46%
2015-2019 Serbie Milan Gajic 28
46%
2018-2019 France Yann Karamoh 22
46%
2014-2016 Rép. Centrafricaine Cédric Yambéré 42
44%
2010-2014 France David Bellion 30
44%
2015-2016 France Mathieu Debuchy 9
44%
2012-2015 France Julien Faubert 44
43%
2010-2011 Niger Moussa Maâzou 15
43%
2019-2020 Italie Raoul Bellanova 1
43%
2016-2019 France Zaydou Youssouf 19
43%
2017-2018 Guinée-Bissau Alexandre Mendy 16
42%
2013-2015 Slovénie Azbe Jug 3
42%
2014-2017 France Frédéric Guilbert 36
41%
2013-2014 France Guillaume Hoarau 16
41%
2017-2018, 2019-2020 Brésil Jonathan Cafu 21
41%
2013-2014, 2016-2018 France Théo Pellenard 28
41%
2010-2012, 2013-2014 Serbie Vujadin Savic 10
40%
2010-2011 Brésil André 8
39%
2010-2012 France Anthony Modeste 51
39%
2010-2012, 2013-2014 France Kevin Olimpa 5
39%
2013-2014 Argentine Lucas Orban 27
39%
2010-2013 France Florian Marange 33
38%
2010-2011 France Pierre Ducasse 10
37%
2012-2015 Mali Hadi Sacko 11
36%
2019-2020 Espagne Rubén Pardo 6
36%
2014-2015 Portugal Tiago Ilori 12
36%
2018-2019 Danemark Andreas Cornelius 20
35%
2013-2014 France Jérémie Bréchet 4
35%
2017-2018 France Soualiho Meïté 18
34%
2013-2015 France Younès Kaabouni 16
33%
2011-2012 France Abdoulaye Keita 1
32%
2019-2020 France Laurent Koscielny 25
32%
2018-2019 France Till Cissokho 1
29%
2018-2020 Maroc Yassine Benrahou 10
29%
2018-2020 France Albert Lottin 3
27%
2018-2019 France Alexandre Lauray 3
27%
2018-2020 France Aurélien Tchouaméni 25
27%
2015-2016 Cameroun Kévin Soni 2
27%
2010-2011 Togo Floyd Ayité 7
26%
2018-2019 France Driss Trichard 1
25%
2019-2020 France Enock Kwateng 14
25%
2010-2011 France Evan Chevalier 1
25%
2017-2018 Bénin Olivier Verdon 1
25%
2014-2015 Bénin David Djigla 1
24%
2017-2018 France Ervin Taha 2
24%
2017-2018 France Thomas Carrique 1
24%
2015-2017 Uruguay Mauro Arambarri 9
23%
2016-2019 Sénégal Younousse Sankharé 67
23%
2015-2016 Algérie Ilias Hassani 1
21%
2010-2014 Tunisie Fahid Ben Khalfallah 76
20%
2015-2016 Haïti Jean Ambrose 1
20%
2016-2019 Pologne Igor Lewczuk 38
18%
2017-2018 Danemark Martin Braithwaite 14
18%
2011-2012 Pologne Grzegorz Krychowiak 2
12%
2010-2011 France Rémy Elissalde 1
12%
2015-2016 France Robin Maulun 1
11%
2014-2015 Bénin Sessi D'Almeida 2
11%
2019-2020 Maroc Youssef Aït Bennasser 12
10%
Aucun quiz correspondant
Distribution des résultats
% des personnes avec chaque résultat
Percentile par nombre de réponses
Votre historique - résultats
Vous n’avez pas pris ce quiz